Never tell. #10 / Lisa Gardner.
Available copies
- 2 of 2 copies available at LARL/NWRL Consortium.
- 1 of 1 copy available at Lake Agassiz Regional Library. (Show preferred library)
Current holds
0 current holds with 2 total copies.
View other formats and editions
Show Only Available Copies
| Location | Call Number / Copy Notes | Barcode | Shelving Location | Status | Due Date |
|---|---|---|---|---|---|
| Breckenridge Public Library | CD TALKING BOOK GAR (Text) | 33500013022231 | Main | Available | - |
| Hallock Public Library | BOOK-ON-CD GAR (Text) | 35500005614316 | Main | Available | - |
Record details
- ISBN: 9781536609530
- ISBN: 1536609536
- ISBN: 9781536609608
- ISBN: 1536609609
- Physical Description: 9 audio discs (11 hr., 47 min.) : CD audio, ... Read More
- Edition: Unabridged.
- Publisher: [Grand Haven, Michigan] : Brilliance Audio, 2019.
- Copyright: ℗2019
Content descriptions
| General Note: | Title from disc surface. Compact discs. |
| Restrictions on Access Note: | Restricted to PRINT DISABLED Patrons. |
| Participant or Performer Note: | Performed by Kirsten Potter of the 2019 book. |
| Summary, etc.: | A man is dead, shot three times in his home ... Read More |
Search for related items by subject
Search for related items by series
| LDR | 03402cim a2200757Ii 4500 | ||
|---|---|---|---|
| 001 | 311985 | ||
| 003 | LARL_NWRL_CONSORTIUM | ||
| 005 | 20190315202048.0 | ||
| 007 | sd fmngnnmmned | ||
| 008 | 181205t20192019miunnnn f n eng d | ||
| 040 | . | ‡aTOH ‡beng ‡erda ‡cTOH ‡dOCLCQ ‡dJTD ‡dGK8 ‡dTEF ‡dOCLCF ‡dBLACP ‡dMCBOT ‡dPOSTP ‡dIP6 ‡dFCS ‡dGK5 ‡dDCH ‡dGL4 ‡dJRI ‡dTXYCL ‡dDPL ‡dPFLCL ‡dJSZ ‡dLKC ‡dOCLCO ‡dOCP ‡dNRG | |
| 019 | . | ‡a1080597330 ‡a1088911790 ‡a1088920357 | |
| 020 | . | ‡a9781536609530 ‡q(Brilliance Audio) | |
| 020 | . | ‡a1536609536 ‡q(Brilliance Audio) | |
| 020 | . | ‡a9781536609608 ‡q(library edition) | |
| 020 | . | ‡a1536609609 ‡q(library edition) | |
| 024 | 3 | . | ‡a9781536609530 |
| 028 | 0 | 2. | ‡aBN13879 |
| 035 | . | ‡a(OCoLC)1080597317 ‡z(OCoLC)1080597330 ‡z(OCoLC)1088911790 ‡z(OCoLC)1088920357 | |
| 037 | . | ‡a30cv7c ‡bBlackstone Publishing | |
| 082 | 0 | 4. | ‡a813/.54 ‡223 |
| 049 | . | ‡aNRGA | |
| 100 | 1 | . | ‡aGardner, Lisa, ‡eauthor. ‡0(LARL_NWRL_CONSORTIUM)125242 |
| 245 | 1 | 0. | ‡aNever tell. ‡n#10 / ‡cLisa Gardner. |
| 250 | . | ‡aUnabridged. | |
| 264 | 1. | ‡a[Grand Haven, Michigan] : ‡bBrilliance Audio, ‡c2019. | |
| 264 | 4. | ‡c℗2019 | |
| 300 | . | ‡a9 audio discs (11 hr., 47 min.) : ‡bCD audio, digital ; ‡c4 3/4 in. | |
| 336 | . | ‡aspoken word ‡bspw ‡2rdacontent | |
| 337 | . | ‡aaudio ‡bs ‡2rdamedia | |
| 338 | . | ‡aaudio disc ‡bsd ‡2rdacarrier | |
| 490 | 0 | . | ‡aD. D. Warren ; ‡v10 |
| 500 | . | ‡aTitle from disc surface. | |
| 511 | 0 | . | ‡aPerformed by Kirsten Potter of the 2019 book. |
| 500 | . | ‡aCompact discs. | |
| 520 | . | ‡aA man is dead, shot three times in his home office. But his computer has been shot twelve times, and when the cops arrive, his pregnant wife is holding the gun. D.D. Warren arrives on the scene and recognizes the woman, Evie Carter, from a case many years back. Evie's father was killed in a shooting that was ruled an accident. But for D.D., two coincidental murders is too many. | |
| 506 | . | ‡aRestricted to PRINT DISABLED Patrons. | |
| 600 | 1 | 0. | ‡aWarren, D. D. ‡c(Fictitious character) ‡vFiction. |
| 650 | 0. | ‡aPolice ‡zMassachusetts ‡zBoston ‡vFiction. ‡0(LARL_NWRL_CONSORTIUM)174197 | |
| 650 | 0. | ‡aMurder ‡xInvestigation ‡vFiction. ‡0(LARL_NWRL_CONSORTIUM)166203 | |
| 650 | 0. | ‡aVictims of crimes ‡vFiction. | |
| 651 | 0. | ‡aBoston (Mass.) ‡vFiction. ‡0(LARL_NWRL_CONSORTIUM)163633 | |
| 650 | 7. | ‡aMurder ‡xInvestigation. ‡2fast ‡0(LARL_NWRL_CONSORTIUM)26286 | |
| 650 | 7. | ‡aFICTION / Thrillers / Suspense. ‡2bisacsh | |
| 650 | 7. | ‡aFICTION / Thrillers / Crime. ‡2bisacsh | |
| 650 | 7. | ‡aFICTION / Mystery & Detective / Police Procedural. ‡2bisacsh | |
| 650 | 4. | ‡aSuspense / Thriller. | |
| 655 | 7. | ‡aAudiobooks. ‡2fast ‡0(LARL_NWRL_CONSORTIUM)175801 | |
| 655 | 7. | ‡aDetective and mystery fiction. ‡2fast | |
| 655 | 7. | ‡aFiction. ‡2fast | |
| 655 | 7. | ‡aNovels. ‡2fast | |
| 655 | 7. | ‡aPsychological fiction. ‡2fast | |
| 655 | 7. | ‡aThrillers (Fiction). ‡2fast | |
| 655 | 7. | ‡aMystery fiction. ‡2gsafd | |
| 655 | 7. | ‡aSuspense fiction. ‡2gsafd | |
| 655 | 4. | ‡aDetective and mystery fiction. | |
| 655 | 4. | ‡aAudiobooks. ‡0(LARL_NWRL_CONSORTIUM)175801 | |
| 655 | 4. | ‡aThrillers (Fiction.) | |
| 655 | 4. | ‡aPsychological fiction. | |
| 655 | 7. | ‡aThrillers (Fiction) ‡2lcgft | |
| 655 | 7. | ‡aDetective and mystery fiction. ‡2lcgft | |
| 655 | 7. | ‡aPsychological fiction. ‡2lcgft | |
| 655 | 7. | ‡aAudiobooks. ‡2lcgft ‡0(LARL_NWRL_CONSORTIUM)175801 | |
| 700 | 1 | . | ‡aPotter, Kirsten, ‡enarrator. ‡0(LARL_NWRL_CONSORTIUM)212887 |
| 905 | . | ‡ubacont | |
| 901 | . | ‡a311985 ‡b ‡c311985 ‡tbiblio ‡soclc | |

Add to basket
Permalink
Disable Highlighting